COUNSELING AND EDUCATIONAL RESEARCH (Record no. 10465)

MARC details
000 -LEADER
fixed length control field 00322nam a22001457a 4500
003 - CONTROL NUMBER IDENTIFIER
control field SGT
082 ## - DEWEY DECIMAL CLASSIFICATION NUMBER
Classification number 001.4071
Item number C09H
100 ## - MAIN ENTRY--PERSONAL NAME
Personal name HOUSER, RICH
245 ## - TITLE STATEMENT
Title COUNSELING AND EDUCATIONAL RESEARCH
250 ## - EDITION STATEMENT
Edition statement 2ND
260 ## - PUBLICATION, DISTRIBUTION, ETC. (IMPRINT)
Place of publication, distribution, etc LONDON
Name of publisher, distributor, etc SAGE
Year of Publication 2009
300 ## - PAGE DESCRIPTION
No. of Pages 277
650 ## - SUBJECT ADDED ENTRY--TOPICAL TERM
Topical term or geographic name as entry element EDUCATIONAL RESEARCH
942 ## - ADDED ENTRY ELEMENTS (KOHA)
Source of classification or shelving scheme Dewey Decimal Classification
Koha item type Books
Holdings
Withdrawn status Lost status Source of classification or shelving scheme Damaged status Not for loan Collection code Home library Current library Shelving location Date acquired Vendor Name Cost, normal purchase price SGTU Bill Number Total Checkouts Full call number Accession No. (Barcode) Date last seen Bill Date Koha item type
    Dewey Decimal Classification     MEDICAL SGT Medical Library SGT Medical Library Reference Book 18/01/2017 ABC 650.00 SGTU 6069   001.4071 C09H FM7615 18/01/2017 11/09/2015 Books